Football par lettre - D - Statistiques

Statistiques générales
  • Ce quiz a été pris 210 fois
    207 depuis la dernière actualisation
  • Le résultat moyen est 10 sur 15
Statistiques - réponses
Questions Réponses % Correct
Quel milieu de terrain, également sélectionneur, était le capitaine de l'Equipe de France 1998 ? Didier Deschamps
97%
Quelle ville allemande possède le plus grand stade du championnat ? Dortmund
95%
Quel pays a crée la surprise en 1992 en remportant l'Euro de football ? Danemark
94%
Quel attaquant de Chelsea a signé en 2004 au club en provenance de l'OM ? Didier Drogba
94%
Quel nom doit-on ajouter pour compléter les clubs d'Alavès ou de La Corogne ? Deportivo
88%
Quel milieu offensif français a signé au PSG lors de la saison 2024/2025, en provenance de Rennes ? Désiré Doué
88%
Quelle ville anglaise a donné son nom aux grandes oppositions de clubs rivaux ? Derby
86%
Quel défenseur droit néerlandais, réputé pour son physique a réalisé une très bonne saison 2024/2025 lui permettant d'arriver à la 25ème place du Ballon d'Or? Denzel Dumfries
73%
Quel club de foot français évolue au stade Gaston-Gérard ? Dijon FCO
65%
Quel milieu de terrain portugais a mené le FC Porto à la victoire face à l'AS Monaco en finale de Ligue des Champions 2003/2004 ? Deco
61%
Quel club mythique ukrainien participe régulièrement à la Ligue des Champions ? Shaktar Donetsk
61%
Quel club, non loin du précédent évolue dans la Merkur-Spiel Arena ? Fortuna Dusseldorf
52%
Quel footballeur à la triple nationalité a été le premier à remporter deux Ballons d'Or (1957-1959) ? Alfredo Di Stefano
50%
Quel attaquant américain est le meilleur buteur de l'histoire du LA Galaxy ? Landon Donovan
41%
Quel gardien soviétique connut pour ses sorties aériennes spectaculaires a fait le bonheur du Spartak Moscou dans les années 1980 ? Rinat Dazaev
1%
Aucun quiz correspondant
Distribution des résultats
% des personnes avec chaque résultat
Percentile par nombre de réponses
Votre historique - résultats
Vous n’avez pas pris ce quiz depuis la dernière actualisation